Java server pages
Java Server Pages (JSP) is a new server-side technology for generating dynamic content in Web pages and other on-line applications. This guide to JSP covers all aspects of development and includes comparisons to similar dynamic content systems such as CGI, Active Server Pages, Cold Fusion, and PHP....
Uloženo v:
| Hlavní autor: | |
|---|---|
| Médium: | Kniha |
| Jazyk: | Undetermined |
| Vydáno: |
Paris
O'Reilly
2001
|
| Témata: | |
| Tagy: |
Přidat tag
Žádné tagy, Buďte první, kdo otaguje tento záznam!
|
| Thư viện lưu trữ: | Trung tâm Học liệu Trường Đại học Cần Thơ |
|---|
| LEADER | 01019nam a2200193Ia 4500 | ||
|---|---|---|---|
| 001 | CTU_232977 | ||
| 008 | 210402s9999 xx 000 0 und d | ||
| 082 | |a 005.36 | ||
| 082 | |b B499 | ||
| 100 | |a Bergsten, Hans | ||
| 245 | 0 | |a Java server pages | |
| 245 | 0 | |c Hans Bergsten ; Traduction de Hervé Soulard | |
| 260 | |a Paris | ||
| 260 | |b O'Reilly | ||
| 260 | |c 2001 | ||
| 520 | |a Java Server Pages (JSP) is a new server-side technology for generating dynamic content in Web pages and other on-line applications. This guide to JSP covers all aspects of development and includes comparisons to similar dynamic content systems such as CGI, Active Server Pages, Cold Fusion, and PHP. Included is a discussion of the use of component centric design via Java Beans and custom tag libraries for separating the presentation of dynamic data (the layout, look, and feel) from its implementation. | ||
| 650 | |a Trang JavaServer,JavaServer pages | ||
| 910 | |b dqhieu | ||
| 980 | |a Trung tâm Học liệu Trường Đại học Cần Thơ | ||